Moğollar devrinde Anadolu'nun iktisadî vaziyeti

Elmentve itt :
Bibliográfiai részletek
Szerző: Togan Ahmed Zeki Velidi
Dokumentumtípus: Cikk
Megjelent: Evkaf Matbaası İstanbul 1930
Sorozat:Türk hukuk ve iktisat tarihi mecmuası
Kulcsszavak:Gazdaságtörténet - Kis-Ázsia - 13-14. sz., Kis-Ázsia története - 13-14. sz.
Tárgyszavak:
Online Access:http://misc.bibl.u-szeged.hu/65062
LEADER 00892nab a2200241 i 4500
001 misc65062
005 20240927151029.0
008 240220s1930 hu o 000 tur d
040 |a SZTE Miscellanea Repozitórium  |b hun 
041 |a tur 
041 |a per 
100 1 |a Togan Ahmed Zeki Velidi 
245 1 0 |a Moğollar devrinde Anadolu'nun iktisadî vaziyeti  |h [elektronikus dokumentum] /  |c  Togan Ahmed Zeki Velidi 
260 |a Evkaf Matbaası  |b İstanbul  |c 1930 
300 |a 1-42  |c 24 cm 
300 |a 42 p.  |c 24 cm 
490 0 |a Türk hukuk ve iktisat tarihi mecmuası 
561 |a Németh Gyula hagyaték 
591 |a NOA 6099 
650 4 |a Bölcsészettudományok 
650 4 |a Történettudomány és régészet 
695 |a Gazdaságtörténet - Kis-Ázsia - 13-14. sz., Kis-Ázsia története - 13-14. sz. 
856 4 0 |u http://misc.bibl.u-szeged.hu/65062/1/6099_noa.pdf  |z Dokumentum-elérés